Ulysse 31 - Statistiques

Statistiques générales
  • Ce quiz a été pris 68 fois
  • Le résultat moyen est 14 sur 26
Statistiques - réponses
Titre % Correct
1 Le Cyclope ou la malédiction des dieux
88%
16 Circé la magicienne
72%
26 Le Royaume d'Hadès
68%
8 La Révolte des Compagnons
64%
23 Ulysse rencontre Ulysse
64%
25 Calypso
60%
11 Charybde et Scylla
60%
3 Les Fleurs sauvages
60%
4 Chronos
56%
6 Éole ou le coffret des vents cosmiques
56%
13 Les Sirènes
56%
5 La Planète perdue
52%
20 Le Magicien noir
52%
14 Le Marais des doubles
52%
7 Sisyphe ou l'éternel recommencement
52%
18 Le Labyrinthe du Minotaure
48%
22 La Cité de Cortex
44%
12 Le Fauteuil de l'oubli
44%
24 Les Lotophages
44%
9 Le Sphynx
44%
17 Nérée ou la vérité engloutie
44%
19 Atlas
40%
2 Hératos
40%
15 La Deuxième Arche
40%
21 Les Révoltées de Lemnos
36%
10 Les Lestrygons
32%
Aucun quiz correspondant
Distribution des résultats
% des personnes avec chaque résultat
Percentile par nombre de réponses
Votre historique - résultats
Vous n’avez pas pris ce quiz